<?xml version="1.0" encoding="UTF-8"?>
<collection xmlns="http://www.loc.gov/MARC21/slim">
 <record>
  <leader>00554pamaa2200169   4500</leader>
  <controlfield tag="001">0000019236</controlfield>
  <controlfield tag="005">20051128090000.0</controlfield>
  <datafield tag="020" ind1="0" ind2="0">
   <subfield code="a">0436196301 </subfield>
  </datafield>
  <datafield tag="082" ind1=" " ind2=" ">
   <subfield code="a">307.720951 HIN</subfield>
  </datafield>
  <datafield tag="090" ind1="0" ind2="0">
   <subfield code="a">HD1333.C6 </subfield>
   <subfield code="b">HIN</subfield>
  </datafield>
  <datafield tag="100" ind1="1" ind2="0">
   <subfield code="a">HINTON </subfield>
  </datafield>
  <datafield tag="245" ind1="1" ind2="0">
   <subfield code="a">Shenfan : </subfield>
   <subfield code="b">the continuing revolution in a Chinese village  </subfield>
   <subfield code="c">William Hinton.</subfield>
  </datafield>
  <datafield tag="260" ind1="0" ind2="0">
   <subfield code="a">London: </subfield>
   <subfield code="b">Secker &amp; Warburg, </subfield>
   <subfield code="c">1983.</subfield>
  </datafield>
  <datafield tag="300" ind1=" " ind2=" ">
   <subfield code="a">xxxix, 789p.: </subfield>
   <subfield code="b">25cm.</subfield>
  </datafield>
  <datafield tag="650" ind1="0" ind2="0">
   <subfield code="a">Land reform -- </subfield>
   <subfield code="x">Case studies -- </subfield>
   <subfield code="z">China </subfield>
  </datafield>
  <datafield tag="650" ind1="0" ind2="0">
   <subfield code="a">Villages -- </subfield>
   <subfield code="x">Case studies -- </subfield>
   <subfield code="z">China </subfield>
  </datafield>
  <datafield tag="651" ind1="0" ind2="0">
   <subfield code="a">China -- </subfield>
   <subfield code="x">Social conditions -- </subfield>
   <subfield code="x">Case studies </subfield>
  </datafield>
 </record>
</collection>
